Lungdamna thu bu lite hilhchetna: (Record no. 8909)

MARC details
000 -LEADER
fixed length control field 00570nam a22001697a 4500
003 - CONTROL NUMBER IDENTIFIER
control field GBCCL
005 - DATE AND TIME OF LATEST TRANSACTION
control field 20241126110701.0
008 - FIXED-LENGTH DATA ELEMENTS--GENERAL INFORMATION
fixed length control field 220121b ||||| |||| 00| 0 eng d
040 ## - CATALOGING SOURCE
Transcribing agency gbc
082 ## - DEWEY DECIMAL CLASSIFICATION NUMBER
Classification number VER 225.7
Item number MUN
100 ## - MAIN ENTRY--PERSONAL NAME
Personal name Mung, Thang Biak
9 (RLIN) 15628
245 ## - TITLE STATEMENT
Title Lungdamna thu bu lite hilhchetna:
Remainder of title tuucingte' ciangkhut, pawlpi kem siate, pasian nasemte, leh mi khempeuh ading zattangzang /
Statement of responsibility, etc. Thang Biak Mung
260 ## - PUBLICATION, DISTRIBUTION, ETC.
Place of publication, distribution, etc. Bangalore:
Name of publisher, distributor, etc. Omega book world,
Date of publication, distribution, etc. 2021.
300 ## - PHYSICAL DESCRIPTION
Extent 602p. ;
650 ## - SUBJECT ADDED ENTRY--TOPICAL TERM
Topical term or geographic name entry element Bible
Form subdivision New Testament
General subdivision commentary
9 (RLIN) 15629
942 ## - ADDED ENTRY ELEMENTS (KOHA)
Source of classification or shelving scheme Dewey Decimal Classification
Koha item type Books
Koha issues (borrowed), all copies 10
Holdings
Withdrawn status Lost status Source of classification or shelving scheme Damaged status Not for loan Home library Current Library Shelving location Date acquired Total checkouts Full call number Barcode Date last seen Date last checked out Copy number Price effective from Koha item type Total renewals
    Dewey Decimal Classification     GRACE BIBLE COLLEGE GRACE BIBLE COLLEGE Vernacular 2022-01-21 1 VER 225.7 MUN 013996 2025-05-01 2022-11-04 c.1 2022-01-21 Books  
    Dewey Decimal Classification     GRACE BIBLE COLLEGE GRACE BIBLE COLLEGE Vernacular 2022-01-21 7 VER 225.7 MUN 013997 2025-05-01 2024-08-23 c.2 2022-01-21 Books  
    Dewey Decimal Classification     GRACE BIBLE COLLEGE GRACE BIBLE COLLEGE Vernacular 2024-02-09 2 VER 225.7 MUN 016487 2025-05-01 2024-11-15 c.3 2024-02-09 Books 1
© Grace Bible College Library 2025